000 01008cam a22001694a 4500
005 20250605163659.0
008 250528s ||||||||||||||||||||||||d
035 _a24212
040 _aGR-AtMCL
_bgre
_dGR-AtMCL
_eAACR2
245 1 _aΕλεύθερη Κυκλοφορία των Ατόμων
260 _bΔιοικητική Μονάδα 'Εκδόσεις'
_bΟπτικοακουστικός Τομέας, Πληροφόρηση, Επικοινωνία Και Πολιτιστικά Θέματα,
_c1991
300 _a6
520 _aΕπιλογή του Τόπου Εργασίας και Διαμονής, Ισότητα Ενώπιον του Κοινοτικού Νομού, Εγκυρότητα των Διπλωμάτων πέρα των Συνόρων, Ένας Ευρωπαϊκός Ορίζοντας για τους Νέους, Ζήτω ο Τουρισμός, Εξάλειψη των Τελευταίων Εμποδίων.
942 _cCR
999 _c9106
_d9106